| 000 | 00000nam##2200000za#4500 |
| 001 | 9.643010 |
| 003 | CaOODSP |
| 005 | 20210624223955 |
| 007 | cr ||||||||||| |
| 008 | 150407|2005||||xxc|||||o f|0| 0 fre|d |
| 040 | |aCaOODSP|bfre |
| 043 | |an-cn--- |
| 086 | 1 |aEn14-135/2005F-PDF |
| 110 | 1 |aCanada. |bEnvironnement Canada. |
| 245 | 10|aÉbauche revisée - Règlement sur certaines substances toxiques interdites (2005) |h[ressource électronique] |
| 260 | |aOttawa - Ontario : |bEnvironnement Canada |c2005. |
| 300 | |a10p.|btableaux |
| 590 | |a14-08-Supp|b2014-04-10 |
| 691 | 07|aProtection de l'environnement|2gcpds |
| 691 | 07|aProduit toxique|2gcpds |
| 775 | 08|tRevised draft - Prohibition of Certain Toxic Substances Regulations, 2005 |w(CaOODSP)9.698984 |
| 856 | 40|ahttp://publications.gc.ca|qPDF|s110 Ko|uhttps://publications.gc.ca/collections/collection_2014/ec/En14-135-2005-fra.pdf |